El Caso Bámaca: un escándalo descomunal /
Uloženo v:
| Hlavní autor: | |
|---|---|
| Médium: | Text |
| Témata: | |
| Tagy: |
Přidat tag
Žádné tagy, Buďte první, kdo vytvoří štítek k tomuto záznamu!
|
MARC
| LEADER | 00000 a a2200000 04500 | ||
|---|---|---|---|
| 001 | 7092 | ||
| 003 | |||
| 040 | |||
| 100 | |a O'Kane, Trish | ||
| 245 | |a El Caso Bámaca: |b un escándalo descomunal / |c Trish O'Kane | ||
| 650 | |a GUERRA CIVIL | ||
| 650 | |a TERRORISMO | ||
| 650 | |a GRUPOS PARAMILITARES | ||
| 650 | |a FUERZAS ARMADAS | ||
| 650 | |a ANALISIS HISTORICO | ||
| 650 | |a ONU | ||
| 650 | |a PAZ | ||
| 650 | |a GOBIERNO | ||
| 650 | |a ESTADO | ||
| 773 | |g volumen 14, número 158; páginas 30-35 | ||
| 999 | |c 25893 |d 25893 | ||
